000
00325nam a2200133Ia 4500
008
230524s9999 xx 000 0 und d
100
_a
P.Chattopadhyay
245
0
_a
Engineering Thermodynamics
250
_a
Revised 1st ed.
260
_b
Oxford
500
_a
Quantity Number: 60
650
_a
Thermodynamics
942
_c
BK
999
_c
50553
_d
50553